007330000a22001690004500090001400000245011600014650001600130650002500146650002500171650003900196041001400235100002900249942001300278773009900291999001500390952015800405 aARb0033610aEstudio de la variación geográfica usando vocalizaciones y las bibliotecas de sonidos de aves neotropicales14aAves99242914aOrnitología99318914aBioacústica95259214aColecciones ornitológicas9931290 aEspañol1 aBaptista, Luis F.993245 cARTICULO1 tCuración Moderna de Colecciones Ornitológicas (P. Escalante-pliego, Ed.)3108q15-30d1993 c9434d9434 001040718HEMEROTECAaBogotabBogotad2015-02-27hFuera de circulaciónl0oAR 00336p010589r2015-03-25 00:00:00t1w2015-03-25xDonaciónyARTICULO